000 00955nas a2200325 4500
001 BR2016001872
003 BR-BrBNA
005 20231205130319.0
007 ta
008 230509b bl.|||p| |||| 00| 00por d
040 _aBR-BrBNA
_bpor
_cBiblioteca Nacional de Agricultura
041 _a(Pt)
072 _aL73
100 1 _aFiss, L.
100 1 _aSantos, B.L.
100 1 _aAlbuquerque, P.P.F. de
100 1 _aMota, R.A.
100 1 _aMarcolongo-Pereira, C.
100 1 _aAdrien, M. de L.
100 1 _aSoares, M.P.
100 1 _aSchild, A.L.
245 1 _aParatuberculose em bovinos de corte na região sul do Rio Grande do Sul
650 _aBOVINO
650 _aPARATUBERCULOSE
650 _aEPIDEMIOLOGIA
650 _aDOENÇA ANIMAL
773 0 _tPesquisa Veterinária Brasileira (Brazil)
_xISSN 0100-736X
_g(May 2015), v. 35(5) p. 437-442
_wBR2016001872
909 _a202311
_bLúcia
_c55
_dLúcia Elande
942 _2AGRIS
_n0
_cANA
999 _c248799
_d248799